[Event "Baden op-B 30th"]
[Site "Baden"]
[Date "2002.04.26"]
[Round "1.5"]
[White "Vezmar, Milan"]
[Black "Reichmann, Ernst"]
[Result "1/2-1/2"]
[WhiteElo "1810"]
[BlackElo "1581"]
[PlyCount "83"]
[EventDate "2002.04.26"]
[EventType "swiss"]
[EventRounds "5"]
[EventCountry "AUT"]
[SourceTitle "EXT 2003"]
[Source "ChessBase"]
[SourceDate "2002.11.25"]
[SourceVersion "1"]
[SourceVersionDate "2002.11.25"]
[SourceQuality "1"]

1. d4 Nf6 2. Nc3 d5 3. Nf3 Nc6 4. Bf4 a6 5. e3 Bg4 6. Be2 e6 7. 0-0 h6 8. h3 Bf5 9. Bd3 Bxd3 10. cxd3 Bd6 11. Ne5 Bxe5 12. dxe5 Nd7 13. d4 0-0 14. a3 Ne7 15. b4 b5 16. a4 c6 17. Qd3 Nb6 18. Ra2 Qd7 19. Rfa1 Qb7 20. axb5 axb5 21. g4 Nc4 22. Ne2 Rxa2 23. Rxa2 Ra8 24. Qb1 Ra6 25. Qa1 Rxa2 26. Qxa2 Nc8 27. Nc1 N8b6 28. Nb3 g5 29. Bg3 Kg7 30. h4 Na4 31. Nc5 Nxc5 32. dxc5 Qd7 33. Qa1 Qd8 34. h5 Nd2 35. Kg2 d4 36. Qxd4 Qxd4 37. exd4 Nb3 38. f4 Nxd4 39. fxg5 hxg5 40. Be1 Nb3 41. Bc3 Nc1 42. Kf3 1/2-1/2